000 01591nam2a22002771 4500
001 rc\235816
005 20250612170143.0
010 _d1 р. 50 к.
_91000
021 _aRU
_b90-54411
035 _a(NLR Aleph) 008740535
090 _a9530003
_c9530003
100 _a20030307d1990 |||y0rusy50 ca
101 0 _arus
102 _aRU
105 _ay n||||||||
200 0 _aЧ. 2
210 _d1990
_aБ. м.
215 _a145, [1] с.
_eприл. (1 л. табл.)
320 _aБиблиогр.: с. 143
461 0 _1001rc\235814
_12000#$aМетодические рекомендации по основам эксплуатации подвижного состава, технике безопасности и охране труда на автомобильном транспорте$e[в 2 ч.]$fМ-во культуры РСФСР. Центр. бюро по технике безопасности и произв. санитарии$vЧ. 2
_97926315
_cМосква
_d1990
_fМ-во культуры РСФСР. Центр. бюро по технике безопасности и произв. санитарии
_nУпрполиграфиздат
_o[в 2 ч.]
_tМетодические рекомендации по основам эксплуатации подвижного состава, технике безопасности и охране труда на автомобильном транспорте
_vЧ. 2
801 0 _aRU
_bNLR
_gpsbo
801 1 _aRU
_bELAR
_2rusmarc
801 2 _aRU
_bNLR
_c20120703
_2rusmarc
852 _aNLR
_j90-3/9081
942 _cBOOK
980 _aNB